000 00402nam a22001097a 4500
008 230602b xxu||||| |||| 00| 0 eng d
082 _a302.94419
_bINT
100 _cpress, information and communication.Department of the ministry of foreign Affairs
245 _aThe institutions of The Fifth Republic
_bministry of foreign Affairs .
_cpress, information and communication
300 _a32p
942 _2ddc
_cBK
999 _c167
_d167